Simulation Of DIsk Scheduling Algorithms (Record no. 188806)

000 -LEADER
fixed length control field 00645 a2200181 4500
003 - CONTROL NUMBER IDENTIFIER
control field Nust
005 - DATE AND TIME OF LATEST TRANSACTION
control field 20170207153550.0
040 ## - CATALOGING SOURCE
Transcribing agency Nust
082 ## - DEWEY DECIMAL CLASSIFICATION NUMBER
Classification number 005.1
100 ## - MAIN ENTRY--PERSONAL NAME
Personal name Ahmed, Major Waqar (MSCS-2)
245 ## - TITLE STATEMENT
Title Simulation Of DIsk Scheduling Algorithms
Statement of responsibility, etc. Major Waqar Ahmed
260 ## - PUBLICATION, DISTRIBUTION, ETC.
Name of publisher, distributor, etc. MCS,NUST
Date of publication, distribution, etc. Dec,2000
Place of publication, distribution, etc. Rawalpindi
300 ## - PHYSICAL DESCRIPTION
Extent xi,84:p;
505 ## - FORMATTED CONTENTS NOTE
Formatted contents note Introduction (page-1) Disk scheduling (page-16) Software development (page-26) Results and evaluation of disk scheduling algorithms (page-29) Discussion and comparison of results (page-62)Conclusions (page-81)
538 ## - SYSTEM DETAILS NOTE
System details note Almirah No 69 Shelf No 5
650 ## - SUBJECT ADDED ENTRY--TOPICAL TERM
Topical term or geographic name entry element PG Thasis
651 ## - SUBJECT ADDED ENTRY--GEOGRAPHIC NAME
Geographic name MSCS-2
942 ## - ADDED ENTRY ELEMENTS (KOHA)
Koha item type
Holdings
Withdrawn status Lost status Source of classification or shelving scheme Damaged status Not for loan Collection code Permanent Location Current Location Date acquired Total Checkouts Full call number Barcode Date last seen Price effective from Koha item type
            Military College of Signals (MCS) Military College of Signals (MCS) 12/12/2016   005.1 AHM MCSTCS-167 12/08/2016 12/12/2016 Book
© 2023 Central Library, National University of Sciences and Technology. All Rights Reserved.